Manual de literatura / (Record no. 68756)

MARC details
000 -LEADER
campo de control de longitud fija 01056nam a2200265 i 4500
001 - NÚMERO DE CONTROL
campo de control 68756
003 - IDENTIFICADOR DE NÚMERO DE CONTROL
campo de control ES-MaACL
005 - FECHA Y HORA DE LA ÚLTIMA TRANSACCIÓN
campo de control 20250704071437.0
007 - CAMPO FIJO DE DESCRIPCIÓN FÍSICA--INFORMACIÓN GENERAL
campo de control de longitud fija t|
008 - DATOS DE LONGITUD FIJA--INFORMACIÓN GENERAL
campo de control de longitud fija 940301s1844 sp |||| | spa d
100 1# - ENTRADA PRINCIPAL--NOMBRE DE PERSONA
Nombre de persona Gil y Zárate, Antonio,
Fechas asociadas al nombre 1793-1861
9 (RLIN) 56804
Término indicativo de función/relación Autor
245 10 - MENCIÓN DEL TÍTULO
Título Manual de literatura /
Mención de responsabilidad, etc. por Antonio Gil de Zárate.
260 ## - PUBLICACIÓN, DISTRIBUCIÓN, ETC.
Lugar de publicación, distribución, etc. Madrid :
Nombre del editor, distribuidor, etc. Imp. y librería de D. Ignacio Boix,
Fecha de publicación, distribución, etc. 1844.
300 ## - DESCRIPCIÓN FÍSICA
Extensión 4 v. ;
Dimensiones 15 cm.
505 0# - NOTA DE CONTENIDO CON FORMATO
Nota de contenido con formato Primera parte: Principios generales de poética y retórica / Alfredo Adolfo Camus... et al. (298 p.). Segunda parte (3 v.): Resumen histórico de la literatura española (412, 525, 337 p.)
510 4# - NOTA DE CITAS O REFERENCIAS BIBLIOGRÁFICAS
Nombre de la fuente Palau,
Localización dentro de la fuente 102159
650 #4 - PUNTO DE ACCESO ADICIONAL DE MATERIA--TÉRMINO DE MATERIA
Término de materia o nombre geográfico como elemento de entrada Literatura española-
Subdivisión general Historia y crítica
9 (RLIN) 14560
650 04 - PUNTO DE ACCESO ADICIONAL DE MATERIA--TÉRMINO DE MATERIA
Término de materia o nombre geográfico como elemento de entrada Poética.
9 (RLIN) 16254
650 04 - PUNTO DE ACCESO ADICIONAL DE MATERIA--TÉRMINO DE MATERIA
Término de materia o nombre geográfico como elemento de entrada Retórica.
9 (RLIN) 16882
700 1# - ENTRADA AGREGADA--NOMBRE PERSONAL
Nombre de persona Camús, Alfredo Adolfo,
Fechas asociadas al nombre 1797-1889
9 (RLIN) 34362
Término indicativo de función/relación Autor
740 #2 - ENTRADA AGREGADA--TÍTULO RELACIONADO/ANALÍTICO NO CONTROLADO
Título relacionado o analítico no controlado Principios generales de poética y retórica
852 ## - LOCALIZACIÓN
Ubicación ES-MaACL
Ubicación en estantería Depósito
Signatura antigua Olim:G-3819-22
Número de control de estantería R-2917-20
Encuadernación
942 ## - ELEMENTOS DE ENTRADA SECUNDARIOS (KOHA)
Fuente del sistema de clasificación o colocación Clasificación decimal universal
Tipo de ítem Koha Libro impreso antiguo
Suprimir en OPAC No
Holdings
Estatus retirado Estado de pérdida Estado de daño No para préstamo Colección Biblioteca de origen Biblioteca actual Ubicación en estantería Fecha de adquisición Fuente de adquisición Total de préstamos Signatura topográfica completa Código de barras Visto por última vez Precio de reemplazo Tipo de ítem Koha
        Libros del s. XIX Biblioteca del Ateneo de Madrid Biblioteca del Ateneo de Madrid Depósito 17/01/2008     R-2917-20 1071988 23/02/2023 23/02/2023 Libro impreso antiguo